000 00686nam a22002297a 4500
003 UA-OsUOA
001 50204
007 ta
008 20071106b un ||||| |||| 00| 0 ukr d
090 _a82.09(477)(08)
_bВ67
942 _cBK
040 _aUA-OsUOA
_bukr
_cUA-OsUOA
_dUA-OsUOA
245 _aВолинь у житті та творчості письменників
_bЗбірник наукових праць
300 _a256 с.
955 _a2
041 _aukr
080 _a82.09(477)(08)
020 _a966-7294-55-2
260 _aЛуцьк
_bТвердиня
_c2007
650 7 _a82 Література. Літературознавство
_2UDC
999 _c336303
_d336303